Statistics for Countries, US States, Capitals, Elements, 100 Most Common Words: 1 Scrabble Point Letters Only

Click here to take the quiz!

General Stats

  • This quiz has been taken 185 times
  • The average score is 26 of 53

Answer Stats

LANSWER% Correct
1A
100%
1I
97%
2An
92%
2In
86%
2As
85%
2At
85%
2To
81%
2It
78%
2On
78%
2So
74%
2Or
73%
2No
72%
2Us
68%
4Iran
63%
3Not
62%
3All
59%
3One
56%
5Tunis
54%
4Iron
53%
9Australia
51%
7Austria
51%
3Tin
51%
3Its
51%
7Tunisia
50%
3Use
50%
4Into
49%
4Also
47%
3Out
47%
6Astana
46%
3See
45%
3Our
45%
6Israel
42%
7Estonia
42%
4Oslo
42%
8Illinois
41%
6Russia
41%
4Laos
37%
8Astatine
31%
7Eritrea
29%
5Nauru
28%
5Sana'a
28%
4Neon
27%
7Atlanta
26%
7Tallinn
24%
6Austin
24%
5Seoul
23%
6Tirana
21%
6Roseau
19%
9Tennessee
12%
6Nassau
12%
9Louisiana
9%
11Sierra Leone
6%
7Trenton
3%

Score Distribution

Percentile by Number Answered

Percent of People with Each Score

Your Score History

You have not taken this quiz